Biện pháp giải quyết thức ăn cho gia súc nhai lại
Shranjeno v:
| Glavni avtor: | |
|---|---|
| Format: | Knjiga |
| Jezik: | Undetermined |
| Izdano: |
H.
Nông Nghiệp
2002
|
| Teme: | |
| Oznake: |
Označite
Brez oznak, prvi označite!
|
| Thư viện lưu trữ: | Trung tâm Học liệu Trường Đại học Cần Thơ |
|---|
| LEADER | 00665nam a2200205Ia 4500 | ||
|---|---|---|---|
| 001 | CTU_56984 | ||
| 008 | 210402s9999 xx 000 0 und d | ||
| 020 | |b 8000 | ||
| 082 | |a 636.2085 | ||
| 082 | |b Qu106 | ||
| 100 | |a Phùng Quốc Quảng | ||
| 245 | 0 | |a Biện pháp giải quyết thức ăn cho gia súc nhai lại | |
| 245 | 0 | |c Phùng Quốc Quảng | |
| 260 | |a H. | ||
| 260 | |b Nông Nghiệp | ||
| 260 | |c 2002 | ||
| 650 | |a animal feeding,domestic animals | ||
| 650 | |x feeding and feeds | ||
| 904 | |i Mai sửa số PL từ 636.085 thành 636.2085 chưa in nhãn | ||
| 980 | |a Trung tâm Học liệu Trường Đại học Cần Thơ | ||